| 000 | 00395nam a22001457a 4500 | ||
|---|---|---|---|
| 003 | OSt | ||
| 005 | 20220105103459.0 | ||
| 008 | 220105b |||||||| |||| 00| 0 eng d | ||
| 040 |
_aHU _cDDC |
||
| 082 | _a346.02263/KRL | ||
| 245 | _aFORMATION AND EFFECTS OF CONTRACTS IN ETHIOPIAN LAW | ||
| 260 |
_aADDIS ABABA _bADDIS ABABA UNIVERALTY _c1993 |
||
| 300 | _aVIII,169P,18CM | ||
| 942 |
_2ddc _cBOOKS _n0 |
||
| 999 |
_c26113 _d26113 |
||